000 00858nam a2200289 a 4500
003 AR-BaBNM
005 20251128210302.0
008 082120s2002 ||||||||||||||000 | spa||
020 _a0-02-310261-6
040 _cAR-BaBNM
100 1 _aPuckett, Margaret B.
245 0 0 _aAuthentic assesment of the young child
_bcelebrating development and learning
260 _aNew York
_bMacmillan
_c1994
300 _a303 p.
_bil., tablas
500 _aContiene referencias bibliográficas p. 281-292
650 4 _aEVALUACION DEL ALUMNO
650 4 _aCRITERIOS DE EVALUACION
650 4 _aMETODOS DE EVALUACION
650 4 _aDESARROLLO DEL NIÑO
650 4 _aPAPEL DE LA FAMILIA
650 4 _aROL DEL DOCENTE
653 _aEVALUACION EDUCATIVA
653 _aDIVERSIDAD SOCIOCULTURAL
700 1 _aBlack, Janet K.
942 _cBK
998 _cRaquel
999 _c14791
_d14791